000 01539nam0a2200337 4500
001 RU\NLR\bibl\1842444
005 20260405062136.0
010 _a978-5-91966-007-1
_91000
021 _aRU
_b2011-3186и
_9433и
035 _a(NLR Aleph) 001832897
090 _a2164005
_c2164005
100 _a20111202d2011 |||y0rusy50 ca
101 0 _arus
_aeng
102 _aRU
105 _aa |||||||||
200 1 _aНародный художник СССР академик Российской Академии художеств А.М. Шилов. Графика
_dPeople's artist of the USSR academician of the Russian academy of arts Alexander Shilov. Drawings
_e[альбом
_fавт. вступ. ст.: Т.В. Иванова]
_zeng
210 _aМосква
_cМ-Сканрус
_d2011
215 _a176, [2] с.
_cил., цв. ил., портр.
_d32
300 _aТекст парал. на рус. и англ. яз.
510 1 _aPeople's artist of the USSR academician of the Russian academy of arts Alexander Shilov. Drawings
_zeng
517 0 _aГрафика
517 0 _aDrawings
_zeng
600 1 _aШилов
_bА.М.
_f1943
_gАлександр Максович
_jАльбомы
_91937373
_3RU\NLR\auth\66885022
686 _aЩ153(2Р=Рус)7-8Шилов я61
700 1 _4070
_8rus
_7ca
_aШилов
_bА.М.
_f1943-
_gАлександр Максович
_3RU\NLR\auth\7720961
_94027
801 0 _aRU
_bNLR
_c20111202
_gRCR
801 1 _aRU
_bNLR
_c20111202
942 _cBOOK
980 _aNB
980 _aNBR